Statistics for First-Level Subdivisions by Random 1M Cities

Click here to take the quiz!

General Stats

  • This quiz has been taken 93 times
  • The average score is 14 of 30

Answer Stats

CountryCitySubdivisionType% Correct
Ivory CoastAbidjanAbidjanAutonomous District
100%
TurkeyAdanaAdanaProvince
100%
CanadaEdmontonAlbertaProvince
100%
CanadaCalgaryAlbertaProvince
100%
EgyptAlexandriaAlexandriaGovernorate
100%
IndiaGuwahatiAssamState
100%
PakistanQuettaBalochistanProvince
100%
Central African RepublicBanguiBanguiAutonomous Commune
100%
GermanyNurembergBavariaState
100%
LebanonBeirutBeirutGovernorate
100%
SerbiaBelgradeBelgradeAutonomous City
100%
RomaniaBucharestBucharestAutonomous Municipality
100%
HungaryBudapestBudapestAutonomous City
100%
United StatesLos AngelesCaliforniaState
100%
BahrainManamaCapitalGovernorate
100%
United KingdomSheffieldEnglandConstituent Country
100%
United KingdomSouthamptonEnglandConstituent Country
100%
United KingdomBirminghamEnglandConstituent Country
100%
MoroccoFezFès-MeknèsRegion
100%
United StatesMelbourne, USAFloridaState
100%
ChinaShantouGuangdongProvince
100%
FranceLilleHauts-de-FranceRegion
100%
VietnamHo Chi Minh CityHo Chi Minh CityMunicipality
100%
ChinaHong KongHong KongSpecial Administrative Region
100%
ChinaWuhanHubeiProvince
100%
ChinaChangdeHunanProvince
100%
ChinaXiangtanHunanProvince
100%
IranIsfahanIsfahanProvince
100%
MexicoGuadalajaraJaliscoState
100%
ChinaChangshuJiangsuProvince
100%
ChinaChangzhouJiangsuProvince
100%
ChinaJiangyinJiangsuProvince
100%
NigeriaKadunaKadunaState
100%
IndiaKochiKeralaState
100%
UkraineKharkivKharkivOblast
100%
UkraineKievKievMunicipality
100%
IndonesiaBandar LampungLampungProvince
100%
ItalyRomeLazioRegion
100%
CameroonDoualaLittoralRegion
100%
ItalyMilanLombardyRegion
100%
United StatesNew OrleansLouisianaState
100%
ZambiaLusakaLusakaProvince
100%
Saudi ArabiaMedinaMadinahProvince
100%
Saudi ArabiaMeccaMakkahProvince
100%
Saudi ArabiaJeddahMakkahProvince
100%
MozambiqueMaputoMaputo CityCapital City
100%
United StatesBostonMassachusettsState
100%
United StatesSaint LouisMissouriState
100%
UruguayMontevideoMontevideoDepartment
100%
RussiaMoscowMoscowFederal City
100%
United StatesLas VegasNevadaState
100%
United StatesNew York CityNew YorkState
100%
NetherlandsAmsterdamNorth HollandProvince
100%
UkraineOdessaOdessaOblast
100%
JapanOkayamaOkayamaPrefecture
100%
JapanNahaOkinawaPrefecture
100%
United StatesHarrisburgPennsylvaniaState
100%
BrazilRecifePernambucoState
100%
PortugalPortoPortoDistrict
100%
IranQomQomProvince
100%
MexicoQuerétaroQuerétaroState
100%
IndiaJodhpurRajasthanState
100%
BrazilPorto AlegreRio Grande do SulState
100%
BoliviaSanta CruzSanta CruzDepartment
100%
ArgentinaRosarioSanta FeProvince
100%
ChileSantiagoSantiagoRegion
100%
ChinaQingdaoShandongProvince
100%
PakistanKarachiSindhProvince
100%
SwedenStockholmStockholmCounty
100%
TaiwanTainanTainanSpecial Municipality
100%
TaiwanTaipeiTaipeiSpecial Municipality
100%
IsraelTel Aviv-JaffaTel AvivDistrict
100%
United StatesEl PasoTexasState
100%
JapanTokyoTokyoPrefecture
100%
MongoliaUlaanbaatarUlaanbaatarProvincial Municipality
100%
ChileValparaísoValparaísoRegion
100%
AustraliaPerthWestern AustraliaState
100%
South AfricaCape TownWestern CapeProvince
100%
ChinaZhenjiangJiangsuProvince
50%
AngolaLuandaLuandaProvince
50%
NetherlandsRotterdamSouth HollandProvince
50%
ChinaNingboZhejiangProvince
50%
NigeriaAbaAbiaState
0%
United Arab EmiratesAbu DhabiAbu DhabiEmirate
0%
QatarDohaAd-DawhahMunicipality
0%
EthiopiaAddis AbabaAddis AbabaChartered City
0%
MexicoAguascalientesAguascalientesState
0%
JapanNagoyaAichiPrefecture
0%
BrazilMaceióAlagoasState
0%
KuwaitKuwait CityAl-AsimahGovernorate
0%
SyriaAleppoAleppoGovernorate
0%
AlgeriaAlgiersAlgiersProvince
0%
KazakhstanAlmatyAlmatyCity
0%
BrazilManausAmazonasState
0%
JordanAmmanAmmanGovernorate
0%
MadagascarAntananarivoAnalamangaRegion
0%
NigeriaOnitshaAnambraState
0%
SpainSevilleAndalusiaAutonomous Community
0%
SpainMalagaAndalusiaAutonomous Community
0%
IndiaVijayawadaAndhra PradeshState
0%
IndiaVisakhapatnamAndhra PradeshState
0%
ChinaMa'anshanAnhuiProvince
0%
ChinaHuainanAnhuiProvince
0%
ChinaFuyangAnhuiProvince
0%
ChinaHuaibeiAnhuiProvince
0%
ChinaWuhuAnhuiProvince
0%
ChinaHefeiAnhuiProvince
0%
ChinaBengbuAnhuiProvince
0%
TurkeyAnkaraAnkaraProvince
0%
TurkeyAntalyaAntalyaProvince
0%
ColombiaMedellínAntioquiaDepartment
0%
VenezuelaMaracayAraguaState
0%
United StatesPhoenixArizonaState
0%
TurkmenistanAshgabatAshgabatCapital City District
0%
ColombiaBarranquillaAtlánticoDepartment
0%
GreeceAthensAtticaDecentralized Administration
0%
New ZealandAucklandAucklandRegion
0%
FranceLyonAuvergne-Rhône-AlpesRegion
0%
GermanyStuttgartBaden-WürttembergState
0%
GermanyMannheimBaden-WürttembergState
0%
IraqBaghdadBaghdadGovernorate
0%
NepalKathmanduBagmati PradeshProvince
0%
BrazilSalvadorBahiaState
0%
MexicoMexicaliBaja CaliforniaState
0%
MexicoTijuanaBaja CaliforniaState
0%
AzerbaijanBakuBakuCity
0%
IndonesiaDenpasarBaliProvince
0%
MaliBamakoBamakoCapital District
0%
SomaliaMogadishuBanaadirRegion
0%
ThailandBangkokBangkokSpecial Administrative Area
0%
IndonesiaSerangBantenProvince
0%
RussiaUfaBashkortostanRepublic
0%
IraqBasraBasraGovernorate
0%
GermanyMunichBavariaState
0%
ChinaBeijingBeijingMunicipality
0%
GermanyBerlinBerlinState
0%
IndiaPatnaBiharState
0%
KyrgyzstanBishkekBishkekIndependent City
0%
ColombiaCartagenaBolívarDepartment
0%
NigeriaMaiduguriBornoState
0%
Republic of the CongoBrazzavilleBrazzavilleDepartment
0%
CanadaVancouverBritish ColumbiaProvince
0%
BelgiumBrusselsBrussels-Capital RegionRegion
0%
ArgentinaBuenos AiresBuenos AiresAutonomous City
0%
TurkeyBursaBursaProvince
0%
EgyptCairoCairoGovernorate
0%
United StatesSan FranciscoCaliforniaState
0%
United StatesStocktonCaliforniaState
0%
United StatesSan DiegoCaliforniaState
0%
United StatesSacramentoCaliforniaState
0%
ItalyNaplesCampaniaRegion
0%
VenezuelaCaracasCapital DistrictCapital District
0%
VenezuelaValencia, VENCaraboboState
0%
MoroccoCasablancaCasablanca-SettatRegion
0%
SpainBarcelonaCataloniaAutonomous Community
0%
BrazilFortalezaCearáState
0%
MalawiLilongweCentralRegion
0%
IndonesiaSurakartaCentral JavaProvince
0%
IndonesiaSemarangCentral JavaProvince
0%
PhilippinesAngelesCentral LuzonRegion
0%
PhilippinesCebuCentral VisayasRegion
0%
Burkina FasoOuagadougouCentreRegion
0%
CameroonYaoundéCentreRegion
0%
IndiaChandigarhChandigarhUnion Territory
0%
RussiaChelyabinskChelyabinskOblast
0%
IndiaBhilaiChhattisgarhState
0%
MexicoCiudad JuárezChihuahuaState
0%
BangladeshChittagongChittagongDivision
0%
ThailandChonburiChonburiProvince
0%
ChinaChongqingChongqingMunicipality
0%
MexicoTorreónCoahuilaState
0%
BoliviaCochabambaCochabambaDepartment
0%
United StatesDenverColoradoState
0%
GuineaConakryConakryRegion
0%
United StatesHartfordConnecticutState
0%
ArgentinaCórdobaCórdobaProvince
0%
HondurasSan Pedro SulaCortésDepartment
0%
SenegalDakarDakarRegion
0%
SyriaDamascusDamascusCapital
0%
TanzaniaDar es SalaamDar es SalaamRegion
0%
PhilippinesDavaoDavaoRegion
0%
IndiaDelhiDelhiUnion Territory
0%
BangladeshDhakaDhakaDivision
0%
SenegalToubaDiourbelRegion
0%
United StatesWashingtonDistrict of ColumbiaFederal District
0%
ParaguayAsunciónDistrito CapitalCapital District
0%
ColombiaBogotáDistrito CapitalCapital District
0%
BrazilBrasíliaDistrito FederalFederal District
0%
Dominican RepublicSanto DomingoDistrito NacionalNational District
0%
UkraineDniproDnipropetrovskOblast
0%
UkraineDonetskDonetskOblast
0%
United Arab EmiratesDubaiDubaiEmirate
0%
IrelandDublinDublinCity
0%
IranTabrizEast AzerbaijanProvince
0%
Saudi ArabiaDammamEasternProvince
0%
South AfricaPort ElizabethEastern CapeProvince
0%
IndonesiaMalangEast JavaProvince
0%
IndonesiaSurabayaEast JavaProvince
0%
NigeriaBenin CityEdoState
0%
United KingdomLiverpoolEnglandConstituent Country
0%
United KingdomNottinghamEnglandConstituent Country
0%
United KingdomLeedsEnglandConstituent Country
0%
United KingdomManchesterEnglandConstituent Country
0%
United KingdomNewcastleEnglandConstituent Country
0%
United KingdomLondonEnglandConstituent Country
0%
BrazilVitóriaEspírito SantoState
0%
IranShirazFarsProvince
0%
NigeriaAbujaFederal CapitalTerritory
0%
BelgiumAntwerpFlandersRegion
0%
United StatesOrlandoFloridaState
0%
United StatesTampaFloridaState
0%
United StatesJacksonvilleFloridaState
0%
United StatesMiamiFloridaState
0%
United StatesCape CoralFloridaState
0%
HondurasTegucigalpaFrancisco MorazánDepartment
0%
ChinaXiamenFujianProvince
0%
ChinaPutianFujianProvince
0%
ChinaFuzhouFujianProvince
0%
JapanKitakyushuFukuokaPrefecture
0%
JapanFukuokaFukuokaPrefecture
0%
ChinaLanzhouGansuProvince
0%
South AfricaJohannesburgGautengProvince
0%
TurkeyGaziantepGaziantepProvince
0%
United StatesAtlantaGeorgiaState
0%
BrazilGoiâniaGoiásState
0%
GhanaAccraGreater AccraRegion
0%
MexicoLeónGuanajuatoState
0%
ChinaMaomingGuangdongProvince
0%
ChinaHuizhouGuangdongProvince
0%
ChinaZhanjiangGuangdongProvince
0%
ChinaZhuhaiGuangdongProvince
0%
ChinaGuangzhouGuangdongProvince
0%
ChinaGuilinGuangxiAutonomous Region
0%
ChinaNanningGuangxiAutonomous Region
0%
ChinaLiuzhouGuangxiAutonomous Region
0%
GuatemalaGuatemala CityGuatemalaDepartment
0%
EcuadorGuayaquilGuayasProvince
0%
ChinaGuiyangGuizhouProvince
0%
ChinaZunyiGuizhouProvince
0%
IndiaSuratGujaratState
0%
IndiaAhmedabadGujaratState
0%
IndiaVadodaraGujaratState
0%
IndiaRajkotGujaratState
0%
ChinaHaikouHainanProvince
0%
GermanyHamburgHamburgState
0%
VietnamHanoiHanoiMunicipality
0%
ZimbabweHarareHarareProvince
0%
D. R. CongoLubumbashiHaut-KatangaProvince
0%
United StatesHonoluluHawaiiState
0%
ChinaXingtaiHebeiProvince
0%
ChinaQinhuangdaoHebeiProvince
0%
ChinaZhangjiakouHebeiProvince
0%
ChinaTangshanHebeiProvince
0%
ChinaBaodingHebeiProvince
0%
ChinaShijiazhuangHebeiProvince
0%
ChinaHandanHebeiProvince
0%
ChinaHarbinHeilongjiangProvince
0%
ChinaQiqiharHeilongjiangProvince
0%
ChinaDaqingHeilongjiangProvince
0%
ChinaJiaozuoHenanProvince
0%
ChinaKaifengHenanProvince
0%
ChinaAnyangHenanProvince
0%
ChinaXinxiangHenanProvince
0%
ChinaZhengzhouHenanProvince
0%
ChinaLuoyangHenanProvince
0%
ChinaNanyangHenanProvince
0%
GermanyFrankfurtHesseState
0%
JapanHiroshimaHiroshimaPrefecture
0%
JapanSapporoHokkaidoPrefecture
0%
DenmarkCopenhagenHovedstadenRegion
0%
ChinaYichangHubeiProvince
0%
ChinaJingzhouHubeiProvince
0%
ChinaXiangyangHubeiProvince
0%
ChinaHengyangHunanProvince
0%
ChinaShaoyangHunanProvince
0%
ChinaChangshaHunanProvince
0%
ChinaZhuzhouHunanProvince
0%
FranceParisÎle-de-FranceRegion
0%
United StatesChicagoIllinoisState
0%
United StatesIndianapolisIndianaState
0%
ChinaChifengInner MongoliaAutonomous Region
0%
ChinaBaotouInner MongoliaAutonomous Region
0%
ChinaHohhotInner MongoliaAutonomous Region
0%
TurkeyIstanbulIstanbulProvince
0%
TurkeyIzmirIzmirProvince
0%
IndonesiaJakartaJakartaSpecial Region
0%
IndiaSrinagarJammu and KashmirUnion Territory
0%
IndiaJamshedpurJharkhandState
0%
IndiaRanchiJharkhandState
0%
IndiaDhanbadJharkhandState
0%
ChinaSuqianJiangsuProvince
0%
ChinaHuai'anJiangsuProvince
0%
ChinaLianyungangJiangsuProvince
0%
ChinaNanjingJiangsuProvince
0%
ChinaYanchengJiangsuProvince
0%
ChinaWuxiJiangsuProvince
0%
ChinaXuzhouJiangsuProvince
0%
ChinaYangzhouJiangsuProvince
0%
ChinaNantongJiangsuProvince
0%
ChinaGanzhouJiangxiProvince
0%
ChinaPingxiangJiangxiProvince
0%
ChinaNanchangJianxiProvince
0%
ChinaJilinJilinProvince
0%
ChinaChangchunJilinProvince
0%
AfghanistanKabulKabulProvince
0%
UgandaKampalaKampalaCity
0%
NigeriaKanoKanoState
0%
TaiwanKaohsiungKaohsiungSpecial Municipality
0%
IndiaHubli-DharwadKarnatakaState
0%
IndiaBangaloreKarnatakaState
0%
IndiaMysoreKarnatakaState
0%
D. R. CongoMbuji-MayiKasai-OrientalProvince
0%
TurkeyKayseriKayseriProvince
0%
United StatesLouisvilleKentuckyState
0%
IndiaCalicutKeralaState
0%
SudanKhartoumKhartoumState
0%
BangladeshKhulnaKhulnaDivision
0%
IranAhvazKhuzestanProvince
0%
PakistanPeshawarKhyber PakhtunkhwaProvince
0%
RwandaKigaliKigaliProvince
0%
D. R. CongoKinshasaKinshasaProvince
0%
IraqKirkukKirkukGovernorate
0%
TurkeyKonyaKonyaProvince
0%
RussiaKrasnoyarskKrasnoyarskKrai
0%
MalaysiaKuala LumpurKuala LumpurFederal Territory
0%
JapanKumamotoKumamotoPrefecture
0%
NigeriaIlorinKwaraState
0%
South AfricaDurbanKwaZulu-NatalProvince
0%
NigeriaLagosLagosState
0%
CubaHavanaLa HabanaProvince
0%
BoliviaLa PazLa PazDepartment
0%
VenezuelaBarquisimetoLaraState
0%
ChinaShenyangLiaoningProvince
0%
ChinaYingkouLiaoningProvince
0%
ChinaJinzhouLiaoningProvince
0%
ChinaBenxiLiaoningProvince
0%
ChinaAnshanLiaoningProvince
0%
ChinaDalianLiaoningProvince
0%
PeruLimaLimaProvince
0%
PortugalLisbonLisbonDistrict
0%
BeninCotonouLittoralDepartment
0%
GermanyHanoverLower SaxonyState
0%
IndiaJabalpurMadhya PradeshState
0%
IndiaGwaliorMadhya PradeshState
0%
IndiaBhopalMadhya PradeshState
0%
IndiaIndoreMadhya PradeshState
0%
SpainMadridMadridAutonomous Community
0%
IndiaMumbaiMaharashtraState
0%
IndiaNagpurMaharashtraState
0%
IndiaSolapurMaharashtraState
0%
IndiaPuneMaharashtraState
0%
IndiaAurangabadMaharashtraState
0%
IndiaNashikMaharashtraState
0%
NicaraguaManaguaManaguaDepartment
0%
MyanmarMandalayMandalayRegion
0%
BrazilSão LuísMaranhãoState
0%
TogoLoméMaritimeRegion
0%
MoroccoMarrakeshMarrakesh-SafiRegion
0%
PolandWarsawMasovianVoivodeship
0%
ArgentinaMendozaMendozaProvince
0%
MexicoTolucaMexicoState
0%
MexicoMexico CityMexico CityAutonomous City
0%
United StatesDetroitMichiganState
0%
BrazilBelo HorizonteMinas GeraisState
0%
United StatesMinneapolisMinnesotaState
0%
BelarusMinskMinskAutonomous City
0%
United StatesKansas CityMissouriState
0%
JapanSendaiMiyagiPrefecture
0%
KenyaMombasaMombasaCounty
0%
LiberiaMonroviaMontserradoCounty
0%
MexicoCuernavacaMorelosState
0%
OmanMuscatMuscatGovernorate
0%
KenyaNairobiNairobiCounty
0%
PhilippinesManilaNational CapitalRegion
0%
ChadN'DjamenaN'DjamenaRegion
0%
AustraliaSydneyNew South WalesState
0%
United StatesBuffaloNew YorkState
0%
NigerNiameyNiameyRegion
0%
IraqMosulNinevehGovernorate
0%
ChinaYinchuanNingxiaAutonomous Region
0%
RussiaNizhny NovgorodNizhny NovgorodOblast
0%
United StatesCharlotteNorth CarolinaState
0%
United StatesRaleighNorth CarolinaState
0%
United StatesGreensboroNorth CarolinaState
0%
South KoreaDaeguNorth GyeongsangProvince
0%
GermanyCologne / DusseldorfNorth Rhine-WestphaliaState
0%
IndonesiaMedanNorth SumatraProvince
0%
MauritaniaNouakchottNouakchottRegion
0%
FranceBordeauxNouvelle-AquitaineRegion
0%
RussiaNovosibirskNovosibirskOblast
0%
MexicoMonterreyNuevo LeónState
0%
FranceToulouseOccitanieRegion
0%
IndiaBhubaneswarOdishaState
0%
United StatesColumbusOhioState
0%
United StatesCincinnatiOhioState
0%
United StatesClevelandOhioState
0%
United StatesOklahoma CityOklahomaState
0%
RussiaOmskOmskOblast
0%
CanadaOttawaOntarioProvince
0%
CanadaTorontoOntarioProvince
0%
AlgeriaOranOranProvince
0%
United StatesPortlandOregonState
0%
JapanOsakaOsakaPrefecture
0%
NorwayOsloOsloCounty
0%
HaitiPort-au-PrinceOuestDepartment
0%
NigeriaIbadanOyoState
0%
PanamaPanama CityPanamáProvince
0%
BrazilBelémParáState
0%
BrazilJoão PessoaParaíbaState
0%
BrazilCuritibaParanáState
0%
MalaysiaGeorge TownPenangState
0%
United StatesPhiladelphiaPennsylvaniaState
0%
United StatesPittsburghPennsylvaniaState
0%
RussiaPermPermKrai
0%
CambodiaPhnom PenhPhnom PenhAutonomous Municipality
0%
BrazilTeresinaPiauíState
0%
EcuadorQuitoPichinchaProvince
0%
ItalyTurinPiedmontRegion
0%
Republic of the CongoPointe-NoirePointe-NoireDepartment
0%
Czech RepublicPraguePragueCapital City
0%
FranceMarseilleProvence-Alpes-Côte d'AzurRegion
0%
MexicoPueblaPueblaState
0%
IndiaLudhianaPunjabState
0%
PakistanRawalpindiPunjabProvince
0%
PakistanGujranwalaPunjabProvince
0%
IndiaAmritsarPunjabState
0%
PakistanMultanPunjabProvince
0%
PakistanFaisalabadPunjabProvince
0%
IndiaJalandharPunjabState
0%
PakistanLahorePunjabProvince
0%
North KoreaPyongyangPyonganProvince
0%
ChinaXiningQinghaiProvince
0%
CanadaMontrealQuebecProvince
0%
AustraliaBrisbaneQueenslandState
0%
MoroccoRabatRabat-Salé-KénitraRegion
0%
IndiaKotaRajasthanState
0%
IndiaJaipurRajasthanState
0%
IranMashhadRazavi KhorasanProvince
0%
IndonesiaPekanbaruRiauProvince
0%
IndonesiaBatamRiau IslandsProvince
0%
BrazilRio de JaneiroRio de JaneiroState
0%
BrazilNatalRio Grande do NorteState
0%
NigeriaPort HarcourtRiversState
0%
Saudi ArabiaRiyadhRiyadhProvince
0%
RussiaRostov-on-DonRostovOblast
0%
RussiaSaint PetersburgSaint PetersburgFederal City
0%
RussiaSamaraSamaraOblast
0%
YemenSana'aSana'aMunicipality
0%
Costa RicaSan JoséSan JoséProvince
0%
MexicoSan Luis PotosíSan Luis PotosíState
0%
El SalvadorSan SalvadorSan SalvadorDepartment
0%
ColombiaBucaramangaSantanderDepartment
0%
BrazilSantosSão PauloState
0%
BrazilCampinasSão PauloState
0%
BrazilSão PauloSão PauloState
0%
RussiaSaratovSaratovOblast
0%
United KingdomGlasgowScotlandConstituent Country
0%
South KoreaSeoulSeoulSpecial City
0%
ChinaBaojiShaanxiProvince
0%
ChinaXi'anShaanxiProvince
0%
ChinaJinanShandongProvince
0%
ChinaQingyuanShandongProvince
0%
ChinaRizhaoShandongProvince
0%
ChinaWeihaiShandongProvince
0%
ChinaZiboShandongProvince
0%
ChinaYantaiShandongProvince
0%
ChinaJiningShandongProvince
0%
ChinaLinyiShandongProvince
0%
ChinaWeifangShandongProvince
0%
ChinaTai'anShandongProvince
0%
ChinaTengzhouShandongProvince
0%
ChinaShanghaiShanghaiMunicipality
0%
ChinaTaiyuanShanxiProvince
0%
ChinaDatongShanxiProvince
0%
JapanHamamatsuShizuokaPrefecture
0%
JapanShizuokaShizuokaPrefecture
0%
JapanFujiShizuokaPrefecture
0%
ChinaMianyangSichuanProvince
0%
ChinaNanchongSichuanProvince
0%
ChinaYibinSichuanProvince
0%
ChinaChengduSichuanProvince
0%
PolandKatowiceSilesianVoivodeship
0%
PakistanHyderabadSindhProvince
0%
BulgariaSofiaSofiaProvince
0%
TunisiaSousseSousseGovernorate
0%
MoroccoAgadirSouss-MassaRegion
0%
AustraliaAdelaideSouth AustraliaState
0%
South KoreaDaejeonSouth ChungcheongProvince
0%
South KoreaUlsanSouth GyeongsangProvince
0%
South KoreaBusanSouth GyeongsangProvince
0%
South KoreaChangwonSouth GyeongsangProvince
0%
IndonesiaPalembangSouth JakartaProvince
0%
South KoreaGwangjuSouth JeoliaProvince
0%
IndonesiaMakassarSouth SulawesiProvince
0%
RussiaYekaterinburgSverdlovskOblast
0%
TaiwanTaichungTaichungSpecial Municipality
0%
IndiaMaduraiTamil NaduState
0%
IndiaTiruchirappalliTamil NaduState
0%
IndiaCoimbatoreTamil NaduState
0%
IndiaTiruppurTamil NaduState
0%
IndiaSalemTamil NaduState
0%
IndiaChennaiTamil NaduState
0%
MoroccoTangierTanger-Tetouan-Al HoceimaRegion
0%
UzbekistanTashkentTashkentIndependent City
0%
RussiaKazanTatarstanRepublic
0%
GeorgiaTbilisiTbilisiRegion
0%
IranTehranTehranProvince
0%
IndiaHyderabadTelanganaState
0%
United StatesNashvilleTennesseeState
0%
United StatesMemphisTennesseeState
0%
United StatesSan AntonioTexasState
0%
United StatesAustinTexasState
0%
United StatesMcAllenTexasState
0%
United StatesHoustonTexasState
0%
United StatesDallasTexasState
0%
ChinaTianjinTianjinMunicipality
0%
LibyaTripoliTripoliDistrict
0%
D. R. CongoKisanganiTshopoProvince
0%
ArgentinaSan MiguelTucumánProvince
0%
TunisiaTunisTunisGovernorate
0%
United StatesSalt Lake CityUtahState
0%
IndiaKanpurUttar PradeshState
0%
IndiaAligarhUttar PradeshState
0%
IndiaMoradabadUttar PradeshState
0%
IndiaBareillyUttar PradeshState
0%
IndiaLucknowUttar PradeshState
0%
IndiaMeerutUttar PradeshState
0%
IndiaAgraUttar PradeshState
0%
IndiaVaranasiUttar PradeshState
0%
IndiaAllahabadUttar PradeshState
0%
FinlandHelsinkiUusimaaRegion
0%
SpainValencia, ESPValenciaAutonomous Community
0%
ColombiaCaliValle del CaucaDepartment
0%
AustraliaMelbourne, AUSVictoriaState
0%
AustriaViennaViennaState
0%
United StatesRichmondVirginiaState
0%
United StatesVirginia BeachVirginiaState
0%
RussiaVolgogradVolgogradOblast
0%
RussiaVoronezhVoronezhOblast
0%
United StatesSeattleWashingtonState
0%
IndiaKolkataWest BengalState
0%
IndiaAsansolWest BengalState
0%
Sierra LeoneFreetownWesternArea
0%
Sri LankaColomboWesternProvince
0%
IndonesiaBandungWest JavaProvince
0%
United StatesMilwaukeeWisconsinState
0%
ChinaÜrümqiXinjiang UyghurAutonomous Region
0%
MyanmarYangonYangonRegion
0%
ArmeniaYerevanYerevanAutonomous City
0%
IndonesiaYogyakartaYogyakartaSpecial Region
0%
MexicoMéridaYucatánState
0%
ChinaKunmingYunnanProvince
0%
ChinaCixiZhejiangProvince
0%
ChinaTaizhouZhejiangProvince
0%
ChinaCangnanZhejiangProvince
0%
ChinaHangzhouZhejiangProvince
0%
ChinaWenzhouZhejiangProvince
0%
ChinaYiwuZhejiangProvince
0%
VenezuelaMaracaiboZuliaState
0%
SwitzerlandZurichZurichCanton
0%

Score Distribution

Percentile by Number Answered

Percent of People with Each Score

Your Score History

You have not taken this quiz